000 00330nam a2200121Ia 4500
008 240731s9999 xx 000 0 und d
022 _a2162-5387
245 4 _aThe Black Scholar : Journal of Black Studies and Research
260 _bRoutledge
856 _uhttps://www.tandfonline.com/loi/rtbs20
942 _2ddc
942 _cTFEJ
999 _c79867
_d79867
945 _a1
_bMadushi Gamage
_c1
_dMadushi Gamage